LIBRARY & INFORMATION CENTRE, KCAET, TAVANUR

ONLINE PUBLIC ACCESS CATALOGUE (OPAC)

Introductory rural sociology / (Record no. 1724)

MARC details
000 -LEADER
fixed length control field 00416cam a2200169ua 4500
041 ## - LANGUAGE CODE
Language code of text/sound track or separate title eng
082 ## - DEWEY DECIMAL CLASSIFICATION NUMBER
Classification number 301
Item number CHI/IN
100 ## - MAIN ENTRY--AUTHOR NAME
Personal name Chitambar, J.B .
245 ## - TITLE STATEMENT
Title Introductory rural sociology /
260 ## - PUBLICATION, DISTRIBUTION, ETC. (IMPRINT)
Place of publication New Delhi :
Name of publisher Wiley Eastern Ltd ,
Year of publication 1983.
300 ## - PHYSICAL DESCRIPTION
Number of Pages 369 ; .
942 ## - ADDED ENTRY ELEMENTS (KOHA)
Koha item type Books
Holdings
Withdrawn status Lost status Damaged status Home library Current library Date acquired Full call number Accession Number Koha item type
      KAUAET KAUAET 07/04/2012 301 14631 Books
free website counter